000
00337 a2200157 4500
001
192985
020
_a
85-322-3822-X
040
_c
Magnum
100
_a
Galdino, Luiz
240
1
0
_a
A maldição de édipo
_l
por
245
1
0
_a
A maldição de édipo
300
_a
110
362
0
_a
1998
697
_a
LITERATURA JUVENIL
942
_c
BK
999
_c
192985
_d
192985